[Event "Titled Tuesday intern op 30th Apr Early"]
[Site "Chess.com INT"]
[Date "2024.04.30"]
[Round "4"]
[White "Chemin, Vitorio"]
[Black "Degoirat, Julien"]
[Result "0-1"]
[WhiteElo "2131"]
[BlackElo "2214"]
[PlyCount "64"]
[EventDate "2024.04.30"]
[EventType "swiss (blitz)"]
[EventRounds "11"]
[EventCountry "USA"]
[SourceTitle "CB19_2024"]
[SourceDate "2024.05.08"]
[SourceVersion "1"]
[SourceVersionDate "2024.05.08"]
[SourceQuality "1"]

1. d4 Nf6 2. Nf3 g6 3. Bf4 Bg7 4. e3 d6 5. Be2 0-0 6. 0-0 Nfd7 7. h3 e5 8. Bh2 Nc6 9. c3 f5 10. Nbd2 g5 11. dxe5 dxe5 12. Nc4 Qe7 13. b4 Kh8 14. b5 Nd8 15. Qd5 Nf7 16. Rfd1 Nb6 17. Nxb6 axb6 18. a4 Rb8 19. e4 Be6 20. Qd3 f4 21. g4 h5 22. Nd2 Rbd8 23. Qf3 hxg4 24. hxg4 Qf6 25. c4 Nh6 26. Qh3 Rf7 27. Nf3 Bxg4 28. Rxd8+ Qxd8 29. Qg2 Rd7 30. Nxe5 Bxe5 31. Bxg4 Nxg4 32. Qxg4 Bxa1 0-1

[Event "Titled Tuesday intern op 30th Apr Early"]
[Site "Chess.com INT"]
[Date "2024.04.30"]
[Round "5"]
[White "Degoirat, Julien"]
[Black "Todev, Simeon"]
[Result "0-1"]
[WhiteElo "2214"]
[BlackElo "2095"]
[PlyCount "46"]
[EventDate "2024.04.30"]
[EventType "swiss (blitz)"]
[EventRounds "11"]
[EventCountry "USA"]
[SourceTitle "CB19_2024"]
[SourceDate "2024.05.08"]
[SourceVersion "1"]
[SourceVersionDate "2024.05.08"]
[SourceQuality "1"]

1. e4 c6 2. d4 d5 3. e5 Bf5 4. h4 e6 5. g4 Be4 6. f3 Be7 7. fxe4 Bxh4+ 8. Ke2 dxe4 9. Nc3 h5 10. Nxe4 hxg4 11. Nd6+ Kf8 12. Be3 Nh6 13. Nxb7 Qe7 14. Nd6 Bg5 15. Bg2 Bxe3 16. Kxe3 Nd7 17. Qxg4 Nxg4+ 18. Kd2 Rxh1 19. Bxh1 Qg5+ 20. Kd3 Qe3+ 21. Kc4 Ndxe5+ 22. dxe5 Nxe5+ 23. Kb4 Rb8+ 0-1

[Event "Balagne-ch"]
[Site "Balagne"]
[Date "2008.03.29"]
[Round "10"]
[White "Degoirat, Julien"]
[Black "Humeau, Cyril"]
[Result "0-1"]
[WhiteElo "2141"]
[BlackElo "2159"]
[PlyCount "46"]
[EventDate "2008.03.25"]
[EventType "match (rapid)"]
[EventRounds "10"]
[EventCountry "FRA"]
[SourceTitle "CBM 123 Extra"]
[Source "ChessBase"]
[SourceDate "2008.05.06"]
[SourceVersion "1"]
[SourceVersionDate "2008.05.06"]
[SourceQuality "1"]

1. e4 e5 2. Nf3 Nc6 3. Bc4 Be7 4. d4 exd4 5. Nxd4 Nf6 6. Nc3 0-0 7. 0-0 d6 8. f3 Nxd4 9. Qxd4 Be6 10. Bxe6 fxe6 11. Qc4 Qd7 12. Be3 Kh8 13. Rad1 e5 14. Qb3 Qc6 15. Nd5 Rae8 16. Rd3 Nxd5 17. exd5 Qd7 18. c4 b6 19. Qd1 Rf7 20. Qe2 Ref8 21. Bd2 a5 22. Qe4 Qf5 23. Re3 Bg5 0-1

[Event "Balagne-ch"]
[Site "Balagne"]
[Date "2008.03.27"]
[Round "6"]
[White "Degoirat, Julien"]
[Black "Humeau, Cyril"]
[Result "1/2-1/2"]
[WhiteElo "2141"]
[BlackElo "2159"]
[PlyCount "79"]
[EventDate "2008.03.25"]
[EventType "match (rapid)"]
[EventRounds "10"]
[EventCountry "FRA"]
[SourceTitle "CBM 123 Extra"]
[Source "ChessBase"]
[SourceDate "2008.05.06"]
[SourceVersion "1"]
[SourceVersionDate "2008.05.06"]
[SourceQuality "1"]

1. e4 e5 2. Nf3 Nc6 3. Bb5 a6 4. Ba4 Nf6 5. 0-0 Nxe4 6. Re1 d5 7. Nxe5 Qf6 8. Nf3 Be6 9. d4 Bd6 10. Nc3 Nxc3 11. bxc3 b5 12. Bb3 0-0 13. Bg5 Qg6 14. Qd2 h6 15. Bf4 Bxf4 16. Qxf4 Rfc8 17. a4 Qf6 18. Qxf6 gxf6 19. Re3 Ne7 20. Nh4 c6 21. Rae1 Kg7 22. f4 f5 23. Nf3 Ng6 24. Ne5 Nxf4 25. Rf1 Ng6 26. Rg3 Kh7 27. Nd3 Re8 28. Nc5 Ra7 29. Re3 Nf8 30. Rxf5 Kg6 31. Rff3 Nh7 32. Rg3+ Kf6 33. Ref3+ Ke7 34. Nxe6 Kxe6 35. Rg7 Nf6 36. Re3+ Kf5 37. Rf3+ Ke6 38. Re3+ Kf5 39. Rf3+ Ke6 40. Re3+ 1/2-1/2

[Event "Balagne-ch"]
[Site "Balagne"]
[Date "2008.03.25"]
[Round "2"]
[White "Degoirat, Julien"]
[Black "Humeau, Cyril"]
[Result "0-1"]
[WhiteElo "2141"]
[BlackElo "2159"]
[PlyCount "94"]
[EventDate "2008.03.25"]
[EventType "match (rapid)"]
[EventRounds "10"]
[EventCountry "FRA"]
[SourceTitle "CBM 123 Extra"]
[Source "ChessBase"]
[SourceDate "2008.05.06"]
[SourceVersion "1"]
[SourceVersionDate "2008.05.06"]
[SourceQuality "1"]

1. e4 e5 2. Nf3 Nc6 3. Nc3 Nf6 4. Nxe5 Nxe5 5. d4 Nc6 6. d5 Ne5 7. f4 Ng6 8. e5 Bb4 9. exf6 Qxf6 10. Qf3 0-0 11. Be2 d6 12. 0-0 Re8 13. Ne4 Qd4+ 14. Nf2 Bc5 15. c3 Qe4 16. Qxe4 Rxe4 17. Bd3 Re8 18. b4 Bb6 19. a4 a5 20. Bd2 Bd7 21. b5 Kf8 22. Rae1 Rxe1 23. Rxe1 Re8 24. Rxe8+ Kxe8 25. Kf1 Nh4 26. Ne4 h6 27. Nf2 Nf5 28. Ke2 Ne7 29. Be4 Nc8 30. c4 Bxf2 31. Kxf2 Nb6 32. Bd3 Nxa4 33. Bxa5 b6 34. Bb4 Nc5 35. Ke3 Ke7 36. Bc3 Nxd3 37. Kxd3 Bf5+ 38. Ke3 f6 39. h3 g5 40. Bd4 gxf4+ 41. Kd2 Kf7 42. Bf2 Kg6 43. Bh4 Be4 44. Bf2 Bxg2 45. h4 Kf5 46. Kd3 Bf1+ 47. Kd4 Kg4 0-1

[Event "Corsica-chT"]
[Site "Porticcio"]
[Date "2007.04.01"]
[Round "4.1"]
[White "Degoirat, Julien"]
[Black "Humeau, Cyril"]
[Result "1/2-1/2"]
[WhiteElo "2163"]
[BlackElo "2162"]
[PlyCount "60"]
[EventDate "2007.03.07"]
[EventType "team"]
[EventRounds "9"]
[EventCountry "FRA"]
[SourceTitle "CBM 117 Extra"]
[Source "ChessBase"]
[SourceDate "2007.05.09"]
[SourceVersion "1"]
[SourceVersionDate "2007.05.09"]
[SourceQuality "1"]
[WhiteTeam "Balagna CC"]
[BlackTeam "Corsica CC Dream Team"]
[WhiteTeamCountry "FRA"]
[BlackTeamCountry "FRA"]

1. e4 e5 2. d4 Nf6 3. Nf3 Nxe4 4. Bd3 d5 5. Nxe5 Nd7 6. Nc3 Nxe5 7. dxe5 Nxc3 8. bxc3 Bc5 9. Qh5 c6 10. 0-0 Be6 11. Kh1 g6 12. Qe2 h5 13. Rb1 Qe7 14. Be3 b6 15. Qd2 Bxe3 16. Qxe3 Rb8 17. f4 Kd7 18. a4 Qc5 19. Qd4 Qxd4 20. cxd4 Bf5 21. Rb3 Ke6 22. Rc3 Rbc8 23. Ba6 Rc7 24. Rb1 Kd7 25. Kg1 h4 26. Kf2 Ke7 27. Ke2 Be4 28. Kf2 Bf5 29. Ke2 Be4 30. Kf2 Bf5 1/2-1/2

[Event "Corsica-ch"]
[Site "Bastia"]
[Date "2006.05.07"]
[Round "2.1"]
[White "Cristofari, Antoine"]
[Black "Degoirat, Julien"]
[Result "1-0"]
[WhiteElo "2129"]
[BlackElo "1890"]
[PlyCount "111"]
[EventDate "2006.05.03"]
[EventType "k.o."]
[EventRounds "4"]
[EventCountry "FRA"]
[SourceTitle "EXT 2007"]
[Source "ChessBase"]
[SourceDate "2006.11.23"]
[SourceVersion "1"]
[SourceVersionDate "2006.11.23"]
[SourceQuality "1"]

1. e4 c6 2. d4 d5 3. exd5 cxd5 4. c3 Nc6 5. Bf4 Qb6 6. Qc2 Bf5 7. Qxf5 Qxb2 8. Qxd5 e5 9. Qb3 Qxb3 10. axb3 exf4 11. Nh3 Bd6 12. Bb5 Nf6 13. 0-0 0-0 14. Bxc6 bxc6 15. Ra6 Rfc8 16. Nd2 Nd5 17. Ne4 Bf8 18. Rc1 h6 19. b4 g5 20. Kf1 Kg7 21. Ng1 f5 22. Nd2 Rc7 23. Nc4 Kg8 24. Ne2 Kh7 25. Ne5 Ne7 26. h3 Bg7 27. Nc4 Rd8 28. Rc2 Rdd7 29. Nc1 h5 30. Nb3 Ng6 31. Nca5 Ne7 32. Nc5 Rd6 33. Nc4 Rg6 34. Ke2 h4 35. Rca2 Nc8 36. f3 Kh6 37. Kf2 g4 38. fxg4 fxg4 39. hxg4 Bf8 40. Ne5 Rd6 41. Kf3 Bg7 42. Ned3 Re7 43. g5+ Kh5 44. Nxf4+ Kxg5 45. Ne4+ Rxe4 46. Kxe4 Rf6 47. Nh3+ Kg4 48. b5 Nd6+ 49. Kd3 cxb5 50. Rxa7 Bh6 51. R7a6 Re6 52. Re2 Rg6 53. Nf2+ Kf4 54. Ne4 h3 55. gxh3 Bf8 56. Rf2# 1-0